Statistics for Video games

Click here to take the quiz!

General Stats

  • This quiz has been taken 21 times
  • The average score is 12 of 15

Answer Stats

Answer% Correct
Minecraft
100%
PlayStation
95%
Xbox
90%
candy crush
85%
Doom
85%
Mortal Kombat
85%
Sega
85%
nintendo
80%
Over Watch
75%
Atari
70%
Clash of Clans
70%
Roblox
70%
Gears of war
65%
Fortnite
60%
Half-life
60%

Score Distribution

Percentile by Number Answered

Percent of People with Each Score

Your Score History

You have not taken this quiz